000 00734cam a2200205 4500
001 ABS62111
008 000000n2000 000 0 eng u
035 _a(Sirsi) u105177
100 _aChandler, S.
245 _aDanger - shifting sands
260 _c2000
490 _aBuilding
_v265(13) 31 March 2000, 62(1)
520 _aAdvises construction professionals how to avoid professional indemnity claims in specific circustances, such as when a client's objectives change partway through a project.
590 _aABS
650 _aPROFESSIONAL INDEMNITY INSURANCE
650 _aTECHNOLOGY AND CONSTRUCTION COURT
650 _aINSURANCE CLAIMS
690 _aMANAGEMENT-BUSINESS MANAGEMENT-PROFESSIONAL PRACTICE
942 _n0
999 _c63074
_d63074